000 00926cas a22003017a 4500
005 20220329142312.0
008 000525d1965 it br pernn 0 b1spa d
010 _a81313
011 _a82285
035 _a92774
245 0 0 _aContra el Hambre
_c/por FAO
260 0 _aRoma :
_bFAO,
_c1965-1967
300 _av.
310 _aBimensual
362 _av.8 n.46, 1967
590 _aBATCH-UPD
_b10
_c20130110
_lUCH01
_h0757
590 _aBATCH-UPD
_b10
_c20130410
_lUCH01
_h0436
590 _aBATCH-UPD
_b10
_c20130914
_lUCH01
_h0158
590 _aCONVERSION
_b10
_c20130109
_lUCH01
_h1345
650 1 4 _aAlimentos
_xAbastecimiento
_xPublicaciones periódicas.
_94138
780 0 _tNoticias de la Campaña Mundial Contra el Hambre
785 0 _tRevista FAO
866 _av.6 n.36-37,39 (1965)
866 _av.7 n.40-43,45 (1966)
866 _av.8 n.46-51 (1967)
901 _aSE
905 _aLilia Sánchez G.
999 _c81313
_d81313